5 Biggest Slavic Languages - Statistics

General Stats
  • This quiz has been taken 223 times
  • The average score is 5 of 5
Answer Stats
Speakers ca. Language % Correct
160 million Russian
97%
40 million Ukrainian
93%
55 million Polish
92%
21 million Serbo-Croatian
91%
11 million Czech
80%
No matching quizzes found
Score Distribution
Percent of People with Each Score
Percentile by Number Answered
Your Score History
You have not taken this quiz